LEADER 02343nam0 22004813i 450 001 VAN00249439 005 20240806101419.317 017 70$2N$a9783030370626 100 $a20220831d2020 |0itac50 ba 101 $aeng 102 $aCH 105 $a|||| ||||| 200 1 $aMathematical Modelling and Optimization of Engineering Problems$fJ. A. Tenreiro Machado, Necati Özdemir, Dumitru Baleanu editors 210 $aCham$cSpringer$d2020 215 $aviii, 202 p.$cill.$d24 cm 410 1$1001VAN00107800$12001 $aNonlinear Systems and Complexity$1210 $aBerlin [etc.]$cSpringer$d2012-$v30 500 1$3VAN00249440$aMathematical Modelling and Optimization of Engineering Problems$92424736 606 $a00B25$xProceedings of conferences of miscellaneous specific interest [MSC 2020]$3VANC020732$2MF 606 $a90-XX$xOperations research, mathematical programming [MSC 2020]$3VANC025650$2MF 606 $a91-XX$xGame theory, economics, finance, and other social and behavioral sciences [MSC 2020]$3VANC025601$2MF 606 $a92-XX$xBiology and other natural sciences [MSC 2020]$3VANC020839$2MF 610 $aAdditive manufacturing$9KW:K 610 $aArtificial Intelligence$9KW:K 610 $aCombinatorial optimization$9KW:K 610 $aDesign of unmanned sea and air vehicles$9KW:K 610 $aEnergy Storage$9KW:K 610 $aEnergy management$9KW:K 610 $aHybrid methods for optimization$9KW:K 610 $aMetaheuristics$9KW:K 610 $aOptimal growth$9KW:K 620 $aCH$dCham$3VANL001889 702 1$aBaleanu$bDumitru$3VANV204029 702 1$aMachado$bJosé António Tenreiro$3VANV091766 702 1$aÖzdemir$bNecati$3VANV204028 712 $aSpringer $3VANV108073$4650 801 $aIT$bSOL$c20250606$gRICA 856 4 $uhttp://doi.org/10.1007/978-3-030-37062-6$zE-book ? Accesso al full-text attraverso riconoscimento IP di Ateneo, proxy e/o Shibboleth 899 $aBIBLIOTECA DEL DIPARTIMENTO DI MATEMATICA E FISICA$1IT-CE0120$2VAN08 912 $fN 912 $aVAN00249439 950 $aBIBLIOTECA DEL DIPARTIMENTO DI MATEMATICA E FISICA$d08DLOAD e-book 4738 $e08eMF4738 20220831 996 $aMathematical Modelling and Optimization of Engineering Problems$92424736 997 $aUNICAMPANIA LEADER 02295nam2 22004933i 450 001 VAN00276828 005 20260223031824.244 017 70$2N$a9783031192937 100 $a20240605d2022 |0itac50 ba 101 $aeng 102 $aCH 105 $a|||| ||||| 181 $ai$b e 182 $ab 183 $acr 200 1 $aAlgebra$eChapter 8$fN. Bourbaki 210 $aCham$cSpringer$d2022 215 $axviii, 490 p.$cill.$d24 cm 300 $aTraduzione di Reinie Erné dalla 2. ed. francese 461 1$1001VAN00243284$12001 $aElements of mathematics$fNicolas Bourbaki$1210 $aBerlin [etc.]$cSpringer$1215 $avolumi$d25 cm 500 1$3VAN00302499$aAlgèbre. Chapitre 8$94544549 606 $a16-XX$xAssociative rings and algebras [MSC 2020]$3VANC019734$2MF 606 $a16D60$xSimple and semisimple modules, primitive rings and ideals in associative algebras [MSC 2020]$3VANC022510$2MF 606 $a16D70$xStructure and classification for modules, bimodules and ideals, direct sum decomposition and cancellation in associative algebras [MSC 2020]$3VANC022012$2MF 606 $a16Kxx$xDivision rings and semisimple Artin rings [MSC 2020]$3VANC022015$2MF 606 $a16L30$xNoncommutative local and semilocal rings, perfect rings [MSC 2020]$3VANC022104$2MF 606 $a16N20$xJacobson radical, quasimultiplication [MSC 20210]$3VANC035698$2MF 610 $aAlgebra$9KW:K 610 $aBrauer groups$9KW:K 610 $aModules$9KW:K 610 $aRepresentations$9KW:K 610 $aSemisimple$9KW:K 620 $aCH$dCham$3VANL001889 700 1$aBourbaki$bNicolas$3VANV019756$0334608 712 $aSpringer $3VANV108073$4650 790 1$aBourbaki, N.$zBourbaki, Nicolas$3VANV261961 801 $aIT$bSOL$c20260410$gRICA 856 4 $uhttps://doi.org/10.1007/978-3-031-19293-7$zE-book ? Accesso al full-text attraverso riconoscimento IP di Ateneo, proxy e/o Shibboleth 899 $aBIBLIOTECA DEL DIPARTIMENTO DI MATEMATICA E FISICA$1IT-CE0120$2VAN08 912 $fN 912 $aVAN00276828 950 $aBIBLIOTECA DEL DIPARTIMENTO DI MATEMATICA E FISICA$d08DLOAD e-Book 8652 $e08eMF8652 20240607 996 $aAlgèbre. Chapitre 8$94544549 997 $aUNICAMPANIA